[Event "Caioba Telecom op"]
[Site "Caioba"]
[Date "2016.08.27"]
[Round "3"]
[White "Cruz, William Ferreira Da"]
[Black "Cordobes, Milton Martin Marti"]
[Result "1-0"]
[WhiteElo "2250"]
[BlackElo "1748"]
[PlyCount "37"]
[EventDate "2016.08.26"]
[EventType "swiss"]
[EventRounds "6"]
[EventCountry "BRA"]
[SourceTitle "CBM 174 Extra"]
[Source "ChessBase"]
[SourceDate "2016.10.10"]
[SourceVersion "1"]
[SourceVersionDate "2016.10.10"]
[SourceQuality "1"]

1. d4 Nf6 2. c4 e5 3. dxe5 Ng4 4. e3 Nxe5 5. f4 Ng6 6. Bd3 Bc5 7. Nc3 0-0 8. Nge2 d6 9. 0-0 f5 10. Kh1 Nd7 11. Ng3 Nb6 12. e4 fxe4 13. Ncxe4 Bd4 14. Ng5 Bxb2 15. Bxb2 Nxf4 16. Bxh7+ Kh8 17. Rxf4 Qxg5 18. Rxf8+ Kxh7 19. Qd3+ 1-0

[Event "Nova Petropolis Gaucho op"]
[Site "Nova Petropolis"]
[Date "2015.03.15"]
[Round "7"]
[White "Cordobes, Milton Martin Marti"]
[Black "Da Silva, Joao Carlos Orguim"]
[Result "0-1"]
[WhiteElo "1748"]
[BlackElo "1895"]
[PlyCount "72"]
[EventDate "2015.03.13"]
[EventType "swiss"]
[EventRounds "7"]
[EventCountry "BRA"]
[SourceTitle "CBM 165 Extra"]
[Source "ChessBase"]
[SourceDate "2015.04.21"]
[SourceVersion "1"]
[SourceVersionDate "2015.04.21"]
[SourceQuality "1"]

1. e4 c5 2. Nf3 Nc6 3. d4 cxd4 4. Nxd4 g6 5. Nc3 Bg7 6. Be3 Qb6 7. Nb3 Qb4 8. Bd3 Bxc3+ 9. bxc3 Qxc3+ 10. Bd2 Qg7 11. 0-0 Nh6 12. h3 f6 13. f4 d6 14. Bc3 0-0 15. Bc4+ Kh8 16. Qd2 Nf7 17. Kh2 h6 18. g4 a6 19. Rg1 b5 20. Bd3 g5 21. Nd4 Nxd4 22. Bxd4 e5 23. fxe5 dxe5 24. Bb2 Nd8 25. a4 Bb7 26. axb5 axb5 27. Qb4 Nc6 28. Qxb5 Nd4 29. Bxd4 exd4 30. Qc5 Qd7 31. Rgf1 Rac8 32. Qb4 Qc7+ 33. Kg2 Kg7 34. Qxd4 Rfd8 35. Qf2 Rd7 36. Qg3 Qc3 0-1